LEADER 01465nam0-22003011i-450 001 990005288080403321 005 20180315103112.0 035 $a000528808 035 $aFED01000528808 100 $a19990530e19651524 1m-yy 50 ba--ba 101 0 $alat 102 $aDE 105 $ay-------001yy 200 1 $aPsalterium decem cordarum Abbatis Joachim : in quo de summa trinitate eiusque distinctione perpulchre indagatur, de numero psalmorum et eorum archanis ac mysticis sensibus, de psalmodia, de modo et usu psallendi simul et psallentiue Psalterium decem cordarum abbatis Joachi. In quo de summa trinitate eius...$fJoachim von Fiore 205 $aRiproduzione anastatica 210 $aFrankfurt, a. M.$cMinerva$d1965 215 $aP. 226-280$d21 cm 324 $aRipr. facs. dell'ed.: Venetijs, Bindoni et Pasyni, 1527 610 0 $aTrinità$aTeologia cattolica 676 $a231.044$v22$zita 700 0$aIoachim de Flore$f$0389070 801 0$aIT$bUNINA$gRICA$2UNIMARC 901 $aBK 912 $a990005288080403321 952 $a230.092 GIO 9$bST.REL. 204$fFLFBC 959 $aFLFBC 996 $aPsalterium decem cordarum Abbatis Joachim : in quo de summa trinitate eiusque distinctione perpulchre indagatur, de numero psalmorum et eorum archanis ac mysticis sensibus, de psalmodia, de modo et usu psallendi simul et psallentiue Psalterium decem cordarum abbatis Joachi. In quo de summa trinitate eius..$91506603 997 $aUNINA LEADER 00930nam1 2200253 i 450 001 SUN0027415 005 20170309122329.792 010 $a31-10-05837-5 100 $a20041109f |0gerc50 ba 101 $ager 102 $aDE 105 $a|||| ||||| 200 1 $aAufstieg und Niedergang der römischen Welt$eANRW$eGeschichte und Kultur Roms im Spiegel der neueren Forschung$fherausgegeben von Hildegard Temporini$g[poi] herausgegeben Hildegard Temporini und Wolfgang Haase 210 $aBerlin$cDe Gruyter. 510 1$3SUN0080144$aRise and decline of the Roman world. 517 1$3SUN0077739$aANRW. 620 $dBerlin$3SUNL000066 702 1$aTemporini$b, Hildegard$3SUNV026690 702 1$aHaase$b, Wolfgang$3SUNV026691 712 $aDe Gruyter$3SUNV002714$4650 801 $aIT$bSOL$c20181109$gRICA 912 $aSUN0027415 996 $aAufstieg und niedergang der Romischen welt$988359 997 $aUNICAMPANIA LEADER 02292oam 22006014a 450 001 9910695363703321 005 20060928172806.0 035 $a(CKB)5470000002369112 035 $a(OCoLC)70663617 035 $a(EXLCZ)995470000002369112 100 $a20050826d2005 ua 0 101 0 $aeng 135 $aurcn|---||||| 181 $ctxt$2rdacontent 182 $cc$2rdamedia 183 $acr$2rdacarrier 200 10$aInterpretation of carboxyhemoglobin and cyanide concentrations in relation to aviation accidents$b[electronic resource] $efinal report /$fDennis V. Canfield, Arvind K. Chaturvedi, Kurt M. Dubowski 210 1$aWashington, DC :$cU.S. Dept. of Transportation, Federal Aviation Administration, Office of Aerospace Medicine;$aSpringfield, Va. :$cAvailable through the National Technical Information Service,$d[2005] 215 $ai, 6 pages $cdigital, PDF file 300 $aTitle from PDF t.p. (viewed July 7, 2006). 300 $a"May 2005." 300 $a"DOT/FAA/AM-05/9." 320 $aIncludes bibliographical references (pages 2-3). 517 $aInterpretation of carboxyhemoglobin and cyanide concentrations in relation to aviation accidents 606 $aAircraft accidents 606 $aCarbon monoxide$xToxicology 606 $aCarbon Monoxide Poisoning 606 $aAccidents, Aviation 606 $aCarbon Monoxide$xblood 606 $aCarboxyhemoglobin 606 $aCyanides$xblood 606 $aFires 608 $aTechnical Report. 615 0$aAircraft accidents. 615 0$aCarbon monoxide$xToxicology. 615 12$aCarbon Monoxide Poisoning. 615 22$aAccidents, Aviation. 615 22$aCarbon Monoxide$xblood. 615 22$aCarboxyhemoglobin. 615 22$aCyanides$xblood. 615 22$aFires. 700 $aCanfield$b Dennis V.$f1943-$01381649 701 $aChaturvedi$b Arvind K$01380639 701 $aDubowski$b Kurt M$01381650 712 02$aUnited States.$bOffice of Aerospace Medicine. 712 02$aCivil Aerospace Medical Institute. 801 0$bNLM 801 1$bNLM 801 2$bGPO 906 $aBOOK 912 $a9910695363703321 996 $aInterpretation of carboxyhemoglobin and cyanide concentrations in relation to aviation accidents$93424451 997 $aUNINA